2008/09 Liverpool 4-4 Arsenal XI's - Statistics

General Stats
  • This quiz has been taken 12 times
  • The average score is 11 of 22
Answer Stats
Hint Answer % Correct
23 Jaime Carragher
100%
9 Fernando Torres
82%
14 Xabi Alonso
82%
25 Pepe Reina
73%
23 Andrey Arshavin
64%
4 Cesc Fabregas
64%
5 Daniel Agger
64%
20 Javier Mascherano
64%
18 Dirk Kuyt
55%
17 Alexandre Song
45%
3 Bacary Sagna
45%
40 Kieran Gibbs
45%
5 Kolo Toure
45%
12 Fabio Aurelio
36%
26 Nicklas Bendtner
36%
8 Samir Nasri
36%
15 Yossi Benayoun
36%
11 Albert Riera
27%
15 Denilson
27%
21 Lukasz Fabianski
18%
18 Mikael Silvestre
9%
17 Alvaro Arbeola
0%
No matching quizzes found
Score Distribution
Percent of People with Each Score
Percentile by Number Answered
Your Score History
You have not taken this quiz